000 00286nam a22001337a 4500
008 170424b xxu||||| |||| 00| 0 eng d
020 _a0030635675
041 _aeng
080 _a54
100 _a12
101 _aSHM
245 _a GENERAL CHEMISTRY
_cWHITTEN.K.W
942 _2udc
_cBK
999 _c11807
_d11807